Jangan asal berzikir

Bibliographic Details
Main Author: Asy-Syarqawi, Uthman As-Sa'id
Format: Book
Published: Puchong : Jasmin Publications , 2012
Subjects:

MARC

LEADER 00000cam a2200000 7i4500
001 0000171908
005 20130709.0
020 |a 9675420801 
020 |a 9789675420801 
090 0 0 |a 297.382   |b ASY 
100 1 |a Asy-Syarqawi, Uthman As-Sa'id 
245 1 0 |a Jangan asal berzikir   |c Uthman As-Sa'id Asy-Syarqawi 
260 |a Puchong :   |b Jasmin Publications ,   |c 2012 
300 |a 426p. ;   |c 23cm. 
650 0 0 |a Doas (Islam) 
650 0 0 |a Zikir (Islam) 
999 |a 00275731   |b BUKU   |c PINJAMAN   |e PERPUSTAKAAN KOMUNITI CAW TAMAN MEDAN